|
|
|
|
| LEADER |
01803nam a2200469 a 4500 |
| 001 |
001139411 |
| 003 |
CZ BrMZK |
| 005 |
20110318123729.0 |
| 006 |
m||||||||d|||||||| |
| 007 |
co^cg |
| 008 |
110224s2010 xr e 00| 0 eng |
| 040 |
|
|
|a BOA001
|b cze
|
| 043 |
|
|
|a e-gx---
|
| 045 |
|
|
|a t-u-
|
| 072 |
|
7 |
|a 52
|x Astronomie
|2 Konspekt
|9 6
|
| 080 |
|
|
|a 929
|2 MRF
|
| 080 |
|
|
|a 52-051
|2 MRF
|
| 080 |
|
|
|a 52
|2 MRF
|
| 080 |
|
|
|a (430)
|2 MRF
|
| 080 |
|
|
|a (082)
|2 MRF
|
| 080 |
|
|
|a (0.034.44)
|2 MRF
|
| 245 |
0 |
0 |
|a Kepler's heritage in the space age
|h [elektronický zdroj] :
|b (400th anniversary of Astronomia nova) = Keplerův odkaz v kosmickém věku : 400 let od publikace Keplerovy Astronomia nova /
|c edd. Alena Hadravová, Terence J. Mahoney, Petr Hadrava
|
| 246 |
3 |
1 |
|a Keplerův odkaz v kosmickém věku
|
| 260 |
|
|
|a Prague :
|b National Technical Museum in Prague,
|c 2010
|
| 300 |
|
|
|a 1 CD-ROM
|
| 500 |
|
|
|a Název z titulní obrazovky
|
| 538 |
|
|
|a Požadavky na systém: Adobe Acrobat Reader
|
| 600 |
1 |
7 |
|a Kepler, Johannes,
|d 1571-1630
|7 jn19990004274
|2 czenas
|
| 648 |
|
4 |
|a 16.-17. stol.
|
| 650 |
0 |
7 |
|a astronomové
|7 ph118647
|z Německo
|y 16.-17. stol.
|2 czenas
|
| 650 |
0 |
7 |
|a astronomie
|7 ph114088
|y 16.-17. stol.
|2 czenas
|
| 655 |
|
7 |
|a sborníky
|7 fd163935
|2 czenas
|
| 655 |
|
7 |
|a CD-ROM
|7 fd133955
|2 czenas
|
| 700 |
1 |
|
|a Hadravová, Alena,
|d 1956-
|7 mzk2003171527
|4 edt
|
| 700 |
1 |
|
|a Mahoney, T. J.
|7 mzk2003197595
|4 edt
|
| 700 |
1 |
|
|a Hadrava, Petr,
|d 1951-
|7 xx0017643
|4 edt
|
| 772 |
0 |
|
|t Acta historiae rerum naturalium necnon technicarum,
|g vol. 10
|
| 787 |
1 |
8 |
|t Astronomia nova
|
| 910 |
|
|
|a BOA001
|b CDR-1264.000
|
| 990 |
|
|
|a BK
|
| 991 |
|
|
|b 201103
|c NOV
|e n
|
| 996 |
6 |
|
|b 2610472216
|c CDR-1264.000
|l Stud. periodik/2.patro
|r Sklad / do 1 hodiny
|n 0
|p p.v.
|w 001171726
|u 000010
|a 1
|e BOA001
|j MZK50
|s P
|